LEADER 01553nam 2200433z- 450 001 9910689881003321 005 20161209104623.0 035 $a(CKB)5860000000017839 035 $a(BIP)012209538 035 $a(EXLCZ)995860000000017839 100 $a20220406c2004uuuu -u- - 101 0 $aeng 200 10$aAmateur Sports Integrity Act, S. 718 $ehearing before the Committee on Commerce, Science, and Transportation, United States Senate, One Hundred Seventh Congress, first session, April 26, 2001 215 $a1 online resource (iv, 91 p.) 311 $a0-16-074155-6 517 $aAmateur Sports Integrity Act, S. 718 606 $aDoping in sports$xLaw and legislation$zUnited States 606 $aSports betting$xLaw and legislation$zUnited States 606 $aSports$xLaw and legislation$zUnited States 606 $aGambling$xLaw and legislation$zUnited States 606 $aOlympics$xLaw and legislation$zUnited States 610 $aDoping in sports 610 $aSports betting 610 $aSports 610 $aGambling 610 $aOlympics 610 $aMedical 610 $aGames & activities 610 $aLaw 610 $aSports & recreation 615 0$aDoping in sports$xLaw and legislation 615 0$aSports betting$xLaw and legislation 615 0$aSports$xLaw and legislation 615 0$aGambling$xLaw and legislation 615 0$aOlympics$xLaw and legislation 906 $aBOOK 912 $a9910689881003321 996 $aAmateur Sports Integrity Act, S. 718$93142243 997 $aUNINA LEADER 02338nam 2200661Ia 450 001 9910953888203321 005 20251116233811.0 010 $a0-19-045371-0 010 $a9786613044525 010 $a0-19-973590-5 010 $a0-19-984263-9 010 $a1-283-04452-8 035 $a(CKB)2560000000299201 035 $a(SSID)ssj0000472196 035 $a(PQKBManifestationID)11323249 035 $a(PQKBTitleCode)TC0000472196 035 $a(PQKBWorkID)10428993 035 $a(PQKB)10622493 035 $a(StDuBDS)EDZ0000077249 035 $a(Au-PeEL)EBL3054079 035 $a(CaPaEBR)ebr10457982 035 $a(CaONFJC)MIL304452 035 $a(OCoLC)741648214 035 $a(Au-PeEL)EBL7034986 035 $a(PPN)154215457 035 $a(MiAaPQ)EBC3054079 035 $a(MiAaPQ)EBC7034986 035 $a(OCoLC)711690377 035 $a(EXLCZ)992560000000299201 100 $a20100611d2011 uy 0 101 0 $aeng 135 $aur||||||||||| 181 $ctxt 182 $cc 183 $acr 200 10$aPolitical parties, business groups, and corruption in developing countries /$fVineeta Yadav 210 $aOxford ;$aNew York $cOxford University Press$dc2011 215 $a1 online resource 300 $aBibliographic Level Mode of Issuance: Monograph 311 08$a0-19-973591-3 311 08$a0-19-989478-7 320 $aIncludes bibliographical references and index. 330 8 $aPolitical corruption is one of the globe's most pressing yet seemingly permanent problems. It is a root cause of low growth and inequality, and plagues numerous nations throughout the world to varying degrees. This book examines corruption levels in sixty-four developing democracies over a twenty-year period. 606 $aBusiness and politics$zDeveloping countries 606 $aPolitical corruption$zDeveloping countries 606 $aPolitical parties$zDeveloping countries 615 0$aBusiness and politics 615 0$aPolitical corruption 615 0$aPolitical parties 676 $a324.209172/4 700 $aYadav$b Vineeta$01860389 801 0$bMiAaPQ 801 1$bMiAaPQ 801 2$bMiAaPQ 906 $aBOOK 912 $a9910953888203321 996 $aPolitical parties, business groups, and corruption in developing countries$94465254 997 $aUNINA